5HLuxD.jpg

KING HENRY VIII SENIOR AND PRIMARY SCHOOL LIBRARY OPAC

The 130-story treehouse / (Record no. 3864)

000 -LEADER
fixed length control field 01008cam a2200301 i 4500
001 - CONTROL NUMBER
control field 431877
003 - CONTROL NUMBER IDENTIFIER
control field OSt
005 - DATE AND TIME OF LATEST TRANSACTION
control field 20241112111457.0
008 - FIXED-LENGTH DATA ELEMENTS--GENERAL INFORMATION
fixed length control field 240717r20212020enka j 000 1 eng d
020 ## - INTERNATIONAL STANDARD BOOK NUMBER
International Standard Book Number 9781035033539
Qualifying information (pbk.) :
040 ## - CATALOGING SOURCE
Original cataloging agency 臺東縣政府文化處
Language of cataloging eng
Transcribing agency 臺東縣政府文化處
Description conventions AACR2
Modifying agency KH8
041 0# - LANGUAGE CODE
Language code of text/sound track or separate title eng
042 ## - AUTHENTICATION CODE
Authentication code nbic
082 0# - DEWEY DECIMAL CLASSIFICATION NUMBER
Classification number 823.92 GRI
100 1# - MAIN ENTRY--PERSONAL NAME
Personal name Griffiths, Andy,
Dates associated with a name 1961-
Relator term aut.
245 14 - TITLE STATEMENT
Title The 130-story treehouse /
Statement of responsibility, etc. by Andy Griffiths & Terry Denton.
250 ## - EDITION STATEMENT
Edition statement Pbk. ed.
260 ## - PUBLICATION, DISTRIBUTION, ETC.
Place of publication, distribution, etc. London :
Name of publisher, distributor, etc. Macmillan Children's Books,
Date of publication, distribution, etc. 2021, c2020.
300 ## - PHYSICAL DESCRIPTION
Extent 314 p. :
Other physical details ill. ;
Dimensions 20 cm.
500 ## - GENERAL NOTE
General note "First published 2020 in Pan by Pan Macmillan Australia Pty Limited"--T.p. verso.
500 ## - GENERAL NOTE
General note Originally published: 2020.
650 #0 - SUBJECT ADDED ENTRY--TOPICAL TERM
Topical term or geographic name entry element Tree houses
Form subdivision Juvenile fiction.
650 #0 - SUBJECT ADDED ENTRY--TOPICAL TERM
Topical term or geographic name entry element Imagination
Form subdivision Juvenile fiction.
650 #0 - SUBJECT ADDED ENTRY--TOPICAL TERM
Topical term or geographic name entry element Authors
Form subdivision Juvenile fiction.
650 #0 - SUBJECT ADDED ENTRY--TOPICAL TERM
Topical term or geographic name entry element Illustrators
Form subdivision Juvenile fiction.
700 1# - ADDED ENTRY--PERSONAL NAME
Personal name Denton, Terry,
Relator term ill.
942 ## - ADDED ENTRY ELEMENTS (KOHA)
Source of classification or shelving scheme
Koha item type Books - Fiction
Holdings
Withdrawn status Lost status Source of classification or shelving scheme Damaged status Not for loan Collection code Permanent Location Current Location Shelving location Date acquired Total Checkouts Full call number Barcode Date last seen Date last checked out Price effective from Koha item type Public note
          Fiction KH8 Primary School Library KH8 Primary School Library Fiction 2024-11-12 7 823.92 GRI KHPL000004570 2025-12-05 2025-06-13 2024-11-12 Books - Fiction  
          Fiction KH8 Primary School Library KH8 Primary School Library Fiction 2025-08-27 4 823.92 GRI KHPL000007654 2026-02-11 2026-01-19 2025-08-27 Books - Fiction KH8 PRIMARY LIBRARY
          Fiction KH8 Primary School Library KH8 Primary School Library Fiction 2025-08-27 3 823.92 GRI KHPL000007655 2025-12-05 2025-11-10 2025-08-27 Books - Fiction KH8 PRIMARY LIBRARY

Powered By KH8 IT Dept